<?xml version="1.0" encoding="UTF-8"?>
<record
    xmlns:xsi="http://www.w3.org/2001/XMLSchema-instance"
    xsi:schemaLocation="http://www.loc.gov/MARC21/slim http://www.loc.gov/standards/marcxml/schema/MARC21slim.xsd"
    xmlns="http://www.loc.gov/MARC21/slim">

  <leader>00717nam a2200181Ia 4500</leader>
  <controlfield tag="008">090124s9999    xx            000 0 und d</controlfield>
  <datafield tag="082" ind1=" " ind2=" ">
    <subfield code="b">31357</subfield>
    <subfield code="a">743</subfield>
  </datafield>
  <datafield tag="100" ind1=" " ind2=" ">
    <subfield code="a">&#x92D;&#x93E;&#x935;&#x938;&#x93E;&#x930; &#x938;&#x902;. &#x928;&#x93E;.</subfield>
  </datafield>
  <datafield tag="245" ind1=" " ind2=" ">
    <subfield code="a"> &#x906;&#x930;&#x94B;&#x917;&#x94D;&#x92F;&#x93E;&#x91A;&#x940; &#x917;&#x941;&#x930;&#x941;&#x915;&#x93F;&#x932;&#x94D;&#x932;&#x940; (&#x926;&#x93F;&#x936;&#x93E; - &#x915;&#x93E;&#x932; - &#x917;&#x924;&#x940;)</subfield>
  </datafield>
  <datafield tag="250" ind1=" " ind2=" ">
    <subfield code="a">1</subfield>
  </datafield>
  <datafield tag="260" ind1=" " ind2=" ">
    <subfield code="c">2000</subfield>
  </datafield>
  <datafield tag="300" ind1=" " ind2=" ">
    <subfield code="a">115+8</subfield>
  </datafield>
  <datafield tag="600" ind1=" " ind2=" ">
    <subfield code="a">&#x92D;&#x93E;&#x935;&#x938;&#x93E;&#x930; &#x938;&#x902;. &#x928;&#x93E;.</subfield>
  </datafield>
  <datafield tag="630" ind1=" " ind2=" ">
    <subfield code="a"> &#x906;&#x930;&#x94B;&#x917;&#x94D;&#x92F;&#x93E;&#x91A;&#x940; &#x917;&#x941;&#x930;&#x941;&#x915;&#x93F;&#x932;&#x94D;&#x932;&#x940; (&#x926;&#x93F;&#x936;&#x93E; - &#x915;&#x93E;&#x932; - &#x917;&#x924;&#x940;)</subfield>
  </datafield>
  <datafield tag="700" ind1=" " ind2=" ">
    <subfield code="a">&#x92D;&#x93E;&#x935;&#x938;&#x93E;&#x930; &#x938;&#x902;. &#x928;&#x93E;.</subfield>
  </datafield>
  <datafield tag="730" ind1=" " ind2=" ">
    <subfield code="a"> &#x906;&#x930;&#x94B;&#x917;&#x94D;&#x92F;&#x93E;&#x91A;&#x940; &#x917;&#x941;&#x930;&#x941;&#x915;&#x93F;&#x932;&#x94D;&#x932;&#x940; (&#x926;&#x93F;&#x936;&#x93E; - &#x915;&#x93E;&#x932; - &#x917;&#x924;&#x940;)</subfield>
  </datafield>
  <datafield tag="942" ind1=" " ind2=" ">
    <subfield code="c">BOOK</subfield>
  </datafield>
  <datafield tag="999" ind1=" " ind2=" ">
    <subfield code="c">144836</subfield>
    <subfield code="d">144836</subfield>
  </datafield>
  <datafield tag="952" ind1=" " ind2=" ">
    <subfield code="0">0</subfield>
    <subfield code="1">0</subfield>
    <subfield code="4">0</subfield>
    <subfield code="7">0</subfield>
    <subfield code="a">THNMGS</subfield>
    <subfield code="b">THNMGS</subfield>
    <subfield code="d">0000-00-00</subfield>
    <subfield code="g">120.00</subfield>
    <subfield code="l">0</subfield>
    <subfield code="o">31357</subfield>
    <subfield code="p">THNMGS-31357</subfield>
    <subfield code="r">2009-01-24 00:00:00</subfield>
    <subfield code="v">120.00</subfield>
    <subfield code="w">2009-01-24</subfield>
    <subfield code="y">BOOK</subfield>
  </datafield>
</record>
